Rugrats Character Quiz - Statistics

General Stats
  • This quiz has been taken 736 times
  • The average score is 13 of 20
Answer Stats
Hint Answer % Correct
1. Main character, wears a blue shirt Tommy
99%
2. 1's best friend Chuckie
96%
9. Main 'villain' of Rugrats Angelica
92%
6. The DeVille twin (male) Phillip
92%
7. The DeVille twin (female) Lillian
91%
8. Baby born in The Rugrats Movie Dylan
86%
13. Giant green dinosaur with purple spikes Reptar
81%
4. 1's dad's name Stu
80%
11. Pickles family dog. Spike
77%
15. 9's favourite toy Cynthia
67%
3. 2's adopted sister Kimi
67%
5. Married to 4 Didi
66%
16. The paternal grandfather of blue-shirted baby Grandpa Lou
58%
10. The foil of the 'villain' Susie
58%
12. Cat belonging to the 'villain' Fluffy
39%
20. Charlotte's workplace assistant Jonathan
30%
18. Parisian poodle that 11 falls in love with Fifi
22%
17. 16's second wife, met when she worked as a nurse Lulu
19%
14. Giant green dinosaur's enemy (Rugrats in Paris) Robosnail
17%
19. Rugrats babysitter Taffy
13%
No matching quizzes found
Score Distribution
Percent of People with Each Score
Percentile by Number Answered
Your Score History
You have not taken this quiz